01110nam a2200229 a 4500001001000000005001700010008004100027041000800068044000800076050002200084245016600106260003300272300003700305500031000342500000900652650003200661650003400693710001700727710003400744710005000778710005200828BRCA_693120190320205639.0161111s1953----enk#######---#000-0#eng-# aeng aenk 4aN6550b.E93c195310aExhibition of Mexican art from pre-Columbian times to the present day, organized under the auspices of the Mexican GovernmentbTate Gallery, 4 March to 26 April. aLondresbArts Council,c1953 axxiv, 103 p.bil., mapasc22 cm. aPresentado conjuntamente por el Consejo de las Artes de Gran Bretaña y el gobierno mexicano, representado por el Instituto Nacional de Bellas Artes de la Secretaría de Educación Pública, con la colaboración del Instituto Nacional de Antropología e Historia y el Instituto Nacional Indigenista. aO15314aArte mexicanoxExposiciones14aGalerias y MuseosxInglaterra2 aTate Gallery2 aArts Council of Great Britain2 aInstituto Nacional de Bellas Artes (México)2 aMéxicobSecretaría de Educación Pública